Systémová analýza knižnice zborník zo seminára konaného 16.-19. apríla 1974 na Štrbskom plese, Vysoké Tatry

Na minha lista:
Detalhes bibliográficos
Formato: Livro
Idioma:eslovaco
Publicado em: Bratislava Alfa 1974
Tags: Adicionar Tag
Sem tags, seja o primeiro a adicionar uma tag!

MARC

LEADER 00000nam a2200000 4500
001 c111298
005 20181203150319.5
041 0 |a slo 
044 |a SK 
245 1 0 |a Systémová analýza knižnice  |b zborník zo seminára konaného 16.-19. apríla 1974 na Štrbskom plese, Vysoké Tatry 
264 1 |a Bratislava  |b Alfa  |c 1974 
300 |a 329 s.